| 000 | 00495nam a2200133Ia 4500 | ||
|---|---|---|---|
| 008 | 171207s9999 xx 000 0 und d | ||
| 100 | _aAli, Shainna. | ||
| 245 | _aInside Out and Counseling: Creative Interventions to Facilitate Emotional Intelligence | ||
| 245 | _cShainna Ali | ||
| 260 | _c2017 | ||
| 300 | _apages 377-387, July-September 2017 | ||
| 440 |
_aJournal of Creativity in Mental Health _v12:3 |
||
| 650 | _aCounseling, creativity, emotional intelligence, Inside Out, mental health | ||
| 999 |
_c347700 _d347700 |
||